Recommened rules for the care and operation of heating boilers. Section VI.
Guardado en:
| Autor Corporativo: | |
|---|---|
| Formato: | Revista |
| Idioma: | English |
| Publicado: |
New York :
American Society of Mechanical Engineers, ASME,
1977-
|
| Edición: | 1977 ed. |
| Series: | ASME boiler and pressure vessel code ;
Sect. VI |
| Materias: | |
| Etiquetas: |
Agregar Etiqueta
Sin Etiquetas, Sea el primero en etiquetar este registro!
|
| LEADER | 01119nas a22002415a 4500 | ||
|---|---|---|---|
| 001 | EIQ.libpla001981 | ||
| 008 | 070320c19779999nyuuu#p#######0####|eng#d | ||
| 005 | 20130314151345.0 | ||
| 245 | 0 | 0 | |a Recommened rules for the care and operation of heating boilers. |n Section VI. |
| 250 | |a 1977 ed. | ||
| 260 | |a New York : |b American Society of Mechanical Engineers, ASME, |c 1977- | ||
| 300 | |a v. (hojas sustituibles) : |b il. ; |c 30 cm. | ||
| 310 | |a Irregular | ||
| 440 | 0 | |a ASME boiler and pressure vessel code ; |v Sect. VI | |
| 500 | |a Descripción basada en: 1977 ed. | ||
| 710 | 2 | |a American Society of Mechanical Engineers. |b ASME Boiler and Pressure Vessel Committee. |b Subcommittee on Heating Boilers. | |
| 246 | 1 | |a ASME boiler and pressure vessel code. |n Section VI, |p Recommened rules for the care and operation of heating boilers. | |
| 650 | 4 | |a Recipientes de presión |x Estándares. | |
| 650 | 4 | |a Calderas de vapor |x Estándares. | |
| 650 | 4 | |a Steam-boilers |x Standards. | |
| 650 | 4 | |a Pressure vessels |x Standards. | |
| 040 | |a AR-BbSID |b spa |c AR-BbSID | ||
| 859 | |a AR-BbSID |b BIB. PLAPIQUI |h 621.184 |i Am 35 |k R |p 3267 |v Sect. VI |3 Section VI | ||
